Kvalita sociálnych procesov a jej faktory

Kvalita sociálnych procesov a jej faktory. Obsah pojmu kvalita sociálnych procesov predstavuje najmä sociálne vzťahy, ktoré sú zahrnuté do jej základných faktorov – konštitučných, kondicionálnych a normatívnych. Kvalita sociálnych procesov meria kvalitu sociálneho priestoru každodenného života. Kval...

Descrizione completa

Salvato in:
Dettagli Bibliografici
Autore principale: Masárová, Tatiana
Natura: Capitolo di libro
Lingua:slovacco
Soggetti:
Tags: Aggiungi Tag
Nessun Tag, puoi essere il primo ad aggiungerne!!

MARC

LEADER 00000naa a2200000 4500
001 0156509
005 20220810114736.6
041 0 |a slo 
044 |a SK 
245 1 0 |a Kvalita sociálnych procesov a jej faktory  |c Tatiana Masárová 
520 |a Kvalita sociálnych procesov a jej faktory. Obsah pojmu kvalita sociálnych procesov predstavuje najmä sociálne vzťahy, ktoré sú zahrnuté do jej základných faktorov – konštitučných, kondicionálnych a normatívnych. Kvalita sociálnych procesov meria kvalitu sociálneho priestoru každodenného života. Kvalita sociálnych procesov má dôkladne rozvinuté teoretické základy a zahrňuje všetky podstatné politiky. Nestanovuje len víziu do budúcnosti ale aj súčasný štandard - normu. 
610 2 0 |a kvalita 
610 2 0 |a politika sociálna 
610 2 0 |a politika kohézna 
610 2 0 |a procesy sociálne 
100 1 |a Masárová, Tatiana